LEADER 02005nam0 22004933i 450 001 CAG0570818 005 20170908093254.0 010 $bErr.$z8844018760 100 $a20110624d2000 ||||0itac50 ba 101 | $aita 102 $ait 181 1$6z01$ai $bxxxe 182 1$6z01$an 200 1 $aTrattato sulla tolleranza$ela trincea della ragione contro ogni fanatismo$fF. M. A. Voltaire$gtraduzione e presentazione di Glauca Michelini 205 $a3. ed 210 $aColognola ai Colli$cDemetra$d2000$hstampa 2001 215 $a140 p.$d20 cm. 225 | $aAcquarelli 410 0$1001RAV0228314$12001 $aAcquarelli 606 $aTolleranza$2FIR$3NAPC015654$9I 676 $a323.44$9LIBERTA D'AZIONE (LIBERTA)$v21 700 0$aVoltaire$3CFIV000105$4070$0132570 702 1$aMichelini$b, Glauca$3LO1V147428 790 1$aArouet$b, François Marie$3CFIV000106$zVoltaire 790 0$aAbbé Bazin$3CFIV335435$zVoltaire 790 1$aVoltaire$b, François Marie Arouet : de$3FOGV020728$zVoltaire 790 0$aSaint-Hyacinthe$3IEIV049284$zVoltaire 790 0$aSan Giacinto$3IEIV049285$zVoltaire 790 1$aZapata$b, Domenico$3IEIV049286$zVoltaire 790 0$aBazin$c $3MODV372462$zVoltaire 790 0$aApuleius Risorius$3NAPV074840$zVoltaire 790 1$aHume$b, Joseph$3NAPV083600$zVoltaire 790 1$aCarre$b, Jerome$3NAPV083601$zVoltaire 790 0$aObern$c $3PARV430827$zVoltaire 790 1$aAimon$b, Jacques$3PARV430828$zVoltaire 790 0$ale Sieur Tamponet$3SBNV032546$zVoltaire 790 1$aRossette$b, Josias$c $3TO0V521251$zVoltaire 801 3$aIT$bIT-NA0079$c20110624 850 $aIT-SA0112 912 $aCAG0570818 950 0$aBiblioteca comunale Francesco Morlicchio$d 84BIBLIOTECA179 VOL tra$e 84 0000125375 B 1 v.$fD $i20110624 977 $a 84 996 $aTraité sur la tolerance a l'occasion de la mort de Jean Calas$922789 997 $aUNISANNIO LEADER 01274cam2-2200409---450- 001 990005778120203316 005 20140203111723.0 010 $a88-14-16180-1 035 $a000577812 035 $aUSA01000577812 035 $a(ALEPH)000577812USA01 035 $a000577812 100 $a20121109d2012----km-y0enga50------ba 101 $aita 102 $aIT 105 $a||||||||001yy 200 1 $a(Artt. 2462-2554)$ga cura di Aldo Ceccherini ... [et al.]$gcon il coordinamento di Saverio Ruperto 210 $aMilano$cGiuffrè$d2012 215 $aXXV, 882 p.$d25 cm 461 1$1001000242213$12001$a<> giurisprudenza sul codice civile 462 1$1001000592632$12001$aDel lavoro 606 0 $aCodice civile 676 $a346.45 702 1$aRUPERTO,$bSaverio 702 1$aCECCHERINI,$bAldo 801 0$aIT$bsalbc$gISBD 912 $a990005778120203316 951 $aXXV.1.A 199/5.5$b74867 G.$cXXV.1.A$d00317363 959 $aBK 969 $aGIU 979 $aFIORELLA$b90$c20121109$lUSA01$h1230 979 $aFIORELLA$b90$c20121109$lUSA01$h1233 979 $aCHIARA$b90$c20140203$lUSA01$h1006 979 $aCHIARA$b90$c20140203$lUSA01$h1104 979 $aCHIARA$b90$c20140203$lUSA01$h1117 996 $aArtt. 2462-2554$969885 997 $aUNISA LEADER 02692nam 2200625Ia 450 001 9910458815603321 005 20200520144314.0 010 $a1-282-70281-5 010 $a9786612702815 010 $a0-19-975320-2 035 $a(CKB)2670000000032984 035 $a(EBL)555327 035 $a(OCoLC)651602024 035 $a(SSID)ssj0000425692 035 $a(PQKBManifestationID)11264023 035 $a(PQKBTitleCode)TC0000425692 035 $a(PQKBWorkID)10370997 035 $a(PQKB)10933369 035 $a(MiAaPQ)EBC555327 035 $a(Au-PeEL)EBL555327 035 $a(CaPaEBR)ebr10402682 035 $a(CaONFJC)MIL270281 035 $a(EXLCZ)992670000000032984 100 $a20091119d2010 uy 0 101 0 $aeng 135 $aur|n|---||||| 181 $ctxt 182 $cc 183 $acr 200 14$aThe polluters$b[electronic resource] $ethe making of our chemically altered environment /$fBenjamin Ross, Steven Amter 210 $aNew York $cOxford University Press$d2010 215 $a1 online resource (234 p.) 300 $aDescription based upon print version of record. 311 $a0-19-993096-1 311 $a0-19-973995-1 320 $aIncludes bibliographical references and index. 327 $aContents; CHAPTER 1 The Sorcerer's Apprentices; PART I: Summoning the Spirits; PART II: Fetching a Flood; PART III: Holding Back the Deluge; Key to Archival Citations; List of Abbreviations; Notes; Index 330 $aBenjamin Ross and Steven Amter here tell the story of how the chemical industry, abetted by a compliant government, set loose a plague of pollution that began in the years before and directly following World War II, a plague that still lingers today. The advent of new synthetic chemical products such as Nylon and DDT created new hazards just as the expansion and mechanization of industry exacerbated old ones. Environmental dangers well known today--smog, pesticides, lead, chlorinated solvents, asbestos, and even global warming--were already recognized in that era by chemists, engineers, doctor 606 $aChemical industry$xEnvironmental aspects$zUnited States 606 $aPollution$xEnvironmental aspects$zUnited States 606 $aPollutants 608 $aElectronic books. 615 0$aChemical industry$xEnvironmental aspects 615 0$aPollution$xEnvironmental aspects 615 0$aPollutants. 676 $a363.7380973 700 $aRoss$b Benjamin$0876699 701 $aAmter$b Steven$0880200 801 0$bMiAaPQ 801 1$bMiAaPQ 801 2$bMiAaPQ 906 $aBOOK 912 $a9910458815603321 996 $aThe polluters$91965319 997 $aUNINA